El Perú y su independencia: (Record no. 3920)

000 -CABECERA
fixed length control field 01809nam a22003017a 4500
003 - IDENTIFICADOR DEL NÚMERO DE CONTROL
control field AR-CdUCM
008 - DATOS DE LONGITUD FIJA--INFORMACIÓN GENERAL
fixed length control field 190307b ||||| |||| 00| 0 spa d
040 ## - FUENTE DE LA CATALOGACIÓN
Agencia/entidad que catalogó originalmente la obra MUNICIPALIDAD PROVINCIAL DEL CUSCO
Entidad que transcribió la catalogación BIBLIOTECA MUNICIPAL DEL CUSCO
082 ## - NÚMERO DE LA CLASIFICACIÓN DECIMAL DEWEY
No. de Clasificación 985.04 /
Notacion interna P3
110 ## - ENTRADA PRINCIPAL--NOMBRE DE ENTIDAD CORPORATIVA
Nombre de la institución, jurisdicción como entrada principal Instituto "Libertador Ramón Castilla"
9 (RLIN) 12554
245 ## - MENCIÓN DE TÍTULO
Título El Perú y su independencia:
Resto del título antología. Periodo 1819-1822: San Martín /
246 ## - FORMA VARIANTE DE TÍTULO
Título propiamente dicho/Título corto Sesquicentenario de la Independencia Nacional.
260 ## - PUBLICACIÓN, DISTRIBUCIÓN, ETC.
Lugar de publicación, distribución, etc. Lima :
Nombre de la editorial, distribuidor, etc. Instituto "Libertador Ramón Castilla" :
-- Centro de estudios Histórico-Militares del Perú :
-- ["Gráfica Industrial"],
Fecha de publicación, distribución, etc. 1971.
300 ## - DESCRIPCIÓN FÍSICA
Nº de Páginas Extensión 3 volúmenes ;
Otros detalles físicos mapas, dibujos ;
Dimensiones 25 cm.
505 ## - NOTA DE CONTENIDO CON FORMATO
Nota de contenido formateada Contenido v.1: La insurrección de Tupac Amaru y los origenes de la independencia de hispanoamericano, Una nueva carta a los españoles americanos de Vizcardo y Guzman, La revolución de la independencia del Perú --Volumen II: Historia del Perú independiente,San Martín en Pisco -- Primera campaña de arenales a la sierra y victoria del cerro de Pasco, La campaña de Quito y victoria de Pichincha, 1820-1822 -- Declaración, proclamación y jura de la independencia del Perú -- v.3: Historia de la independencia del Perú, Campañas de guerra de la independencia del Perú...
650 ## - PUNTO DE ACCESO ADICIONAL DE MATERIA--TÉRMINO DE MATERIA
Descriptor Historia del Perú - Independencia
9 (RLIN) 12555
650 ## - PUNTO DE ACCESO ADICIONAL DE MATERIA--TÉRMINO DE MATERIA
Descriptor Independencia del Perú
9 (RLIN) 12556
650 ## - PUNTO DE ACCESO ADICIONAL DE MATERIA--TÉRMINO DE MATERIA
Descriptor San Martín
9 (RLIN) 306
700 ## - PUNTO DE ACCESO ADICIONAL--NOMBRE DE PERSONA
Nombre Personal Puente Candamo, José A. de la
9 (RLIN) 12557
700 ## - PUNTO DE ACCESO ADICIONAL--NOMBRE DE PERSONA
Nombre Personal Paz Soldán, Mariano Felipe
9 (RLIN) 12558
700 ## - PUNTO DE ACCESO ADICIONAL--NOMBRE DE PERSONA
Nombre Personal Bonilla, Manuel C.
9 (RLIN) 12559
700 ## - PUNTO DE ACCESO ADICIONAL--NOMBRE DE PERSONA
Nombre Personal Dellepiane, Carlos
9 (RLIN) 12560
700 ## - PUNTO DE ACCESO ADICIONAL--NOMBRE DE PERSONA
Nombre Personal Barra, Felipe de la
9 (RLIN) 12561
700 ## - PUNTO DE ACCESO ADICIONAL--NOMBRE DE PERSONA
Nombre Personal Gamio Palcio, Fernando
9 (RLIN) 12562
710 ## - PUNTO DE ACCESO ADICIONAL--NOMBRE DE ENTIDAD CORPORATIVA
Nombre corporativo (En letras Mayúsculas) Centro de estudios Histórico-Militares del Perú
9 (RLIN) 12563
942 ## - ELEMENTOS DE PUNTO DE ACCESO ADICIONAL (KOHA)
Fuente de clasificación
Tipo de item Libros-BMC
945 ## - PROCESAMIENTO DE INFORMACIÓN LOCAL (OCLC)
Catalogador lccs
Holdings
Estado de retiro (separado) Fuente de clasificación o esquema de estanterías Estado dañado Ubicación Sala donde se ubica Nombre de la colección Fecha de adquisición o compra Costo, precio normal en soles Signatura topográfica Código de Barras Última vez visto (Koha) Tipo de ítem (Koha)
No     Sala Humanidades Sala Humanidades Book Cart 2019-03-07 90.00 985.04 / P3 / v.2 SH0000004117 2019-03-07 Libros-BMC
No     Sala Humanidades Sala Humanidades Book Cart 2019-03-20 90.00 985.04 / P3 /v.1 SH0000008362 2019-03-20 Libros-BMC
No     Sala Humanidades Sala Humanidades Book Cart 2019-03-20 100.00 985.04 / P3 SH0000008363 2019-03-20 Libros-BMC

Powered by Koha